000 00472nam a2200157 i 4500
001 61559
003 ES-MaACL
005 20230906164503.0
007 t|
008 031112s1970 sp ||||1| spa d
245 0 0 _aExistir en la Iglesia
_b: programa de trabajo 1970 /
_cversión, Francisco Alzola.
260 _aOlite :
_b[s.n.,
_c1970] (
_eVitoria :
_fEsset)
300 _a67 p. ;
_c17 cm.
700 1 _aAlzola, Francisco.
_921060
852 _aES-MaACL
_jC-42538
_bR.74126
999 _c61559
_d61559